[Event "2025 Washington President's Cup"]
[Site "Issaquah, WA"]
[Date "2025.01.26"]
[Round "5"]
[White "Aziz Degenbaev"]
[Black "Advaith Vijayakumar"]
[Result "1/2-1/2"]
[Annotator "Advaith Vijayakumar"]
[WhiteElo "2380"]
[BlackElo "2220"]
[PlyCount "91"]
[GameId "2156509791187114"]
[EventDate "2025.??.??"]
[WhiteTeam "KG"]
[BlackTeam "US"]

{[%evp 0,91,35,-12,-17,-17,-17,-17,-23,-19,20,22,32,33,47,32,32,32,32,24,50,17,17,3,26,8,34,-15,-6,-62,67,40,40,40,26,41,35,27,27,41,29,29,48,0,41,62,42,30,29,21,21,6,18,11,30,16,28,13,25,0,0,10,37,19,19,16,23,19,33,13,27,-22,-3,-69,-68,-65,-65,-57,-64,-65,-44,-49,-44,-70,-42,-65,-34,-70,-65,-65,-36,-34,-56,-65]} 1. c4 e5 2. Nc3 Nf6 3. Nf3 Nc6 4. e4 {Aziz opts for a Botvinnik-style setup, which I had no experience in.} Bc5 (4... g6 {I considered a fianchetto-system, but the resulting middlegame seems pleasant for White.} 5. d4 exd4 6. Nxd4 Bg7 7. Be3 $14) (4... Bb4 {also seems to be a common move.} 5. d3 d6) 5. Nxe5 {Forced, otherwise, Black will play ...d6 and get a stranglehold on the dark squares.} Nxe5 6. d4 Bb4 7. dxe5 Nxe4 8. Qd4 (8. Qg4 Nxc3 {The tactics do work out in Black's favor.} 9. Bd2 (9. Qxg7 Na4+ 10. Kd1 Rf8) 9... O-O 10. bxc3 Qe7 $1 11. Qe4 (11. cxb4 Qxe5+) 11... Bd6 12. f4 Bc5 $17 {And Black is doing great.}) (8. Qf3 {was the choice of Niemann vs Mamedyarov in the 2022 Sinquefield Cup. This was the game he played (and won) right before his infamous encounter with Carlsen the next day...}) 8... Nxc3 9. bxc3 Be7 {I was not in book here, but I vaguely recalled having seen this position before.} 10. Qg4 (10. e6 {is not a good transformation for White.} dxe6 11. Qxg7 Bf6 12. Qg3 Qd6 $15) (10. Bd3 {is another option.} O-O 11. Bf4 d6 12. O-O dxe5 13. Bxe5 Qxd4 14. cxd4 c6 {Black should be fine in this endgame.}) 10... Kf8 (10... g6 {is an equally good way of dealing with the threat.} 11. Bh6 Bf8 12. Bxf8 (12. Bg5 {is a viable GM draw for those who are interested...} Be7 (12... h5 {Though Black can still prolong the game if interested in a win.} 13. Qg3 Be7)) 12... Rxf8 $5 {A counter-intuitive way to recapture the bishop.} (12... Kxf8 13. Qd4 Qe7 14. O-O-O $14 {This is playable for Black also, but castling by hand is not so easy.}) 13. Qd4 d6 14. O-O-O (14. Be2 dxe5 15. Qxe5+ Qe7 16. Qd4 Bf5 17. O-O Qd6 {And Black's king should escape to safety.} 18. Qe3+ Qe7 {A funny Berlin-draw-esque repetition is best here:} 19. Qd4 Qd6 20. Qe3+ Qe7 21. Qd4 (21. Qd2 Bd7 22. Qd4 c5 {All bases covered.}) (21. Qf3 {White is actually even losing if he plays on this way.} O-O-O $19 {The crippled queenside pawns are now an eyesore.})) 14... Qg5+ 15. f4 dxe5 {It looks like Black is running on thin ice here, but White alas White has nothing better than} 16. fxg5 exd4 17. cxd4 Bf5) 11. Qf3 d6 12. exd6 Qxd6 13. Bf4 $6 Qf6 14. Be2 $2 Bd6 $2 {I blitzed out this move instantly, completely missing that I had a chance to potentially win the game on the spot.} (14... Bg4 $1 {Exploiting the queen's defense of the c-pawn.} 15. Qg3 Bxe2 16. Kxe2 Qe6+ 17. Kf1 Qxc4+ 18. Kg1 Rd8 19. h4 Rd3 $17 {Ok, it's not dead lost for White yet, but obviously this is preferable to defending for the rest of the game $1}) 15. Bxd6+ {Aziz noted, in our post-mortem, his sigh of relief when he saw 14...Bd6 on the board. A frightening five seconds that must have been $1} Qxd6 {The idea of Bd6 was that I can now fianchetto my king (castle by hand) without a dark-squared bishop lurking.} 16. O-O (16. Rd1 Qf6 {I can even things out by ruining my structure as long as my king can be in peace.} 17. Qxf6 (17. Qg3 {Keeping queens is not too problematic.} g6 18. O-O Bf5 {The most accurate way of dealing with the threat on c7.} 19. Qxc7 Re8 {With an important tempo.} 20. Bd3 Re7 {I give away a pawn, but White cannot make much use of it with his double-isolated c-pawns.} 21. Qf4 Kg7 22. Bxf5 Qxf5 23. Qxf5 gxf5 {I can easily pile on the c-file to pick up those pawns, and this rook endgame should not be a difficult draw.}) 17... gxf6) 16... g6 17. Rad1 Qe7 (17... Qe5 {Apparently, this cold-blooded alternative is possible. Completely unnecessary though.} 18. Rd8+ Kg7 19. Rxh8 Kxh8 20. Qxf7 Be6 21. Qf3 Rd8) 18. Rfe1 {White has no useful way to exploit his huge lead in development.} Kg7 19. Bf1 Qf6 20. Qg3 {Trying to hold onto the c-pawn is a bit risky, but fortunately I can live without it.} Be6 (20... c6 21. Rd6 Be6 22. Rexe6 $5 {Seeing this, I wasn't so tempted to keep the c-pawn, but concretely, I should be fine.} fxe6 23. Rd7+ Kg8 {There are a lot of ways White can continue, but the following lines should give the gist of how I should respond.} 24. Rxb7 (24. h4 h5 {is also good here} 25. Rd3 {The simplest route here is just to \"tuck in.\"} (25. Rxb7 Rh7 {Now White cannot even pick up the a7-pawn.} 26. Rb8+ Rxb8 27. Qxb8+ Qf8 $17) 25... Kh7 26. Rf3 (26. Rd7+ {A draw by repetition is also possible.} Kg8 27. Rd3) 26... Qg7 {White lacks enough pieces for a venomous attack.} 27. Bd3 Rhf8 28. Re3 {But Black's weaknesses (the g6-pawn in particular) and White's bind give enough compensation for equality.}) (24. Bd3 $6 Rf8 25. Rxb7 a5 {Black will play 26...Qf4 next and press in the endgame. For example:} (25... Rf7 $6 26. Rxa7 Rxa7 27. Qb8+ Kf7 28. Qxa7+) 26. Be4 Qf4 27. Qxf4 Rxf4 28. Bxc6 Rxc4 29. Bd7 Kf8 $15 {And. White is fighting for a draw. That said, after all these complications, what I did in the game is perfectly fine.}) 24... h5 {This is my best response to a lot of alternatives as well. The idea is to go ..Rh7 next and consolidate.} 25. Rxa7 Rxa7 26. Qb8+ Kf7 27. Qxa7+ Qe7 $15 {The best White gets is two pawns for the exchange and, in fact, I can press here.}) 21. Rd4 {Instead of grabbing the c-pawn, White sets the threat of Rf4.} (21. Qxc7 Rac8 {I had a difficult time assessing my drawing chances at the end of this line, but my instinct was correct.} (21... b6 {is another way to go about, similar to some previous lines, but I wasn't sure about} 22. Rd4 {Still,} Rhc8 23. Qb7 h5 {And I am perfectly fine here.}) 22. Qxb7 Bxc4 23. Bxc4 Rxc4 24. Qxa7 Rxc3 25. a4 Rc2 {I have too much piece activity for his extra passed-pawn to be a major concern. And in a rook endgame:} 26. Qd4 Qxd4 27. Rxd4 Ra2 28. h3 Ra8 29. Ree4 {Good luck ever pushing that a-pawn $1}) 21... Rhe8 $6 {I again miss a chance to take the edge.} (21... c5 $1 {Rf4 turns out to be. a ghost threat $1} 22. Rf4 Bf5 {There is no good follow-up.} 23. Qf3 (23. Bd3 Qxc3 $19) 23... h5 {And there is no way to exploit the pin along the f-file.}) 22. Qxc7 {White decides to take the pawn now, but I can easily consolidate.} Re7 23. Qg3 (23. Qd6 Rc8) 23... Bf5 24. Rxe7 (24. Red1 {Avoiding the trade of rooks is not effective.} Rae8 25. Rd6 Qe5 {If anyone is pressing here, it is Black.}) 24... Qxe7 25. Qf3 Rc8 26. h3 b6 27. Qd1 Qe5 {With this centralization, I cannot be worse.} 28. Qa4 Rc7 29. Rd8 Qe7 ({After the game, Aziz told me that he thought he blundered} 29... Bxh3 $4 {here. Another miss on my part. This time, however, I was lucky to have this blind-spot.} 30. Rd5 $18 {The White rook is saved, and given the tempo on the queen, I cannot say the same for my bishop.}) 30. Qd1 (30. Re8 Qd7 {Whenever the queens come off, my defensive task is essentially over.}) 30... Rd7 31. Rxd7 Bxd7 $1 (31... Qxd7 {Offering the trade of queens seems more natural, but there's a problem.} 32. Qd4+ $1 {With a trade of queens, White un-doubles his pawns and enjoys a genuine extra pawn. While} f6 {is met with} 33. c5 {White eliminates his doubled-pawns. I should still be able to draw with a series of only-moves.} Qxd4 (33... bxc5 34. Qxc5 $18 {The queen endgame is losing however.}) 34. cxd4 bxc5 35. dxc5 Kf7 36. f4 Be4 (36... Ke6 {Not yet.} 37. Bc4+ {I need to be able to meet this with ...Bd5.} Kd7 38. Bg8 h5 39. Bd5 $18) 37. Kf2 Ke6 {Only move.} 38. Ke3 Kd5 {Only move.} 39. c6 Bf5 {Only move.} 40. Bb5 Kd6 {The c-pawn is kept in check. Again, this is completely unnecessary.}) 32. Be2 (32. Qd4+ f6) 32... Bc6 33. Qd4+ f6 {Now, the c5-square is firmly under control, and there is no worry about a c5 push.} 34. Bf1 Bb7 {Just shuffling with my bishop until White presents a plan.} (34... Be8 {This may have been even safer to avoid an a4-push.}) 35. a4 {White seizes the moment to try and change the structure.} Bc6 36. a5 {A critical moment a few moves before time control. How to deal with the tension $2} bxa5 $1 {It's time to change the structure. Indeed, my now-passed a-pawn should counteract the passed c-pawn.} (36... Qc7 {Continuing to play against the c-pawns is no longer advisable.} 37. axb6 Qxb6 ({The desirable} 37... axb6 {fails to} 38. c5 bxc5 39. Qxc5 Qb7 $16 {and a difficult defensive task lies ahead.}) 38. c5 Qb7 39. f3 a5 $16 {This is similar to how the game played out, but why have one passed a-pawn when you can have two $2}) 37. c5 a4 38. Qb4 Qb7 39. Qa5 (39. Qxb7+ $4 {White cannot trade queens.} Bxb7 40. Bc4 a3 41. f3 (41. Kf1 Ba6 $19 42. Bxa6 a2) 41... Kf8 42. Kf2 Ke7 43. Ke3 Bc8 {with ...Be6 to follow. The a-pawn is too far advanced and too far away for the White King.} 44. Kd2 Be6 45. Bxe6 Kxe6 46. Kc2 Kd5 47. Kb3 Kxc5 48. Kxa3 Kc4 $19 {The outside a-pawn proves the better passer.}) 39... Qd7 {More shuffling.} 40. Be2 Qe7 41. Bf1 {White has no good way to remove the blockading c6-bishop.} (41. Bf3 $4 Qe1+ 42. Kh2 Bxf3 43. Qxa7+ Kg8 44. Qb8+ Kf7 45. Qa7+ Ke6 46. Qb6+ (46. Qa6+ Ke7 47. Qa7+ Kf8 48. Qb8+ Qe8 49. Qd6+ Qe7 50. Qb8+ Qe8 51. Qd6+ Kf7 {White cannot recoup the bishop without suffering a trade of queens, in which case the a-pawn will decide.} 52. gxf3 Qe5+ 53. f4 Qxd6 54. cxd6 a3 $19) 46... Kf5 {White runs out of checks.}) (41. Bb5 Qe1+ 42. Kh2 Qe5+ 43. g3 Bxb5 44. Qxb5 Qxc3 45. Qd7+ Kh6 46. c6 a3 47. c7 a2 48. c8=Q Qxc8 49. Qxc8 a1=Q 50. Qf8+ Kg5 51. Qc5+) 41... Qb7 {White was unable to find a way to make progress.} 42. Ba6 Qb1+ 43. Kh2 Qb8+ 44. Kg1 (44. g3 {Aziz briefly considered playing on, but this is too risky.} Kh6 {According to the engine, this ridiculous move is actually winning on the spot. But it makes sense, the idea is to set up ...Qb1 and ...Qh1 mating ideas, which were not possible on the previous move due to Qc7+.} (44... Qe5 {was my plan, which is good enough for a draw.} 45. Bb5 Bxb5 46. Qxb5 Qxc3 {Transposes to a previous line.}) 45. Bd3 Qb2 {If b1 is covered, I hit f2 instead.} 46. Kg1 Qc1+ 47. Bf1 Qd1 {And now the queen comes in through f3.} 48. Qc7 Qf3 49. Qf4+ {White stops the mate, but doesn't stop the a-pawn. Yes, that still exists $1} Qxf4 50. gxf4 Bd5 {This time, there's not even Bc4 $1} 51. c6 Bxc6 52. Bc4 a3 $19 {The previous version of this line was already losing, and this is worse in many different ways.}) 44... Qb1+ 45. Bf1 Qb7 46. Ba6 {And here, as neither of us could make any progress, a draw by repetition was made. With board 2 ending in a draw, this draw was enough to secure the tournament.} 1/2-1/2